000 00307nam a22001337a 4500
008 170808b xxu||||| |||| 00| 0 eng d
020 _a9780619216252
041 _aeng
080 _a004
100 _a33
101 _aSHKI
245 _aPRINCIPLES OF INFORMATION SECURITY
_cWHITMAN, M,E
942 _2udc
_cBK
999 _c22859
_d22859